Statystyki dla Miasta Ziemi Sieradzko-Łęczyckiej

Kliknij tutaj aby rozwiązać quiz!

Ogólne statystyki

  • Ten quiz został rozwiązany 28 razy
  • Średni wynik to 10 z 13

Statystyki odpowiedzi

MiastoLudność% Poprawnych
Łódź658 444
100%
Sieradz39 158
100%
Piotrków Trybunalski67 264
96%
Zgierz54 012
92%
Bełchatów52 851
84%
Kutno41 231
84%
Zduńska Wola38 848
84%
Pabianice61 353
80%
Radomsko43 417
76%
Wieluń20 826
76%
Tomaszów Mazowiecki58 089
64%
Aleksandrów Łódzki22 090
60%
Turek24 788
40%

Rozkład punktacji

Percentyl według liczby udzielonych odpowiedzi

Procent ludzi z każdym wynikiem

Twoja historia wyników

Nie rozwiązałeś tego quizu